000 00348pab a2200157 454500
008 180718b1995 xxu||||| |||| 00| 0 eng d
100 _aNoorani, A.G.
245 _aCourt and Seshan
260 _c1995
300 _ap.8
362 _a31 Jul
650 _aCourts
650 _aElection officials - India
773 _aStatesman
909 _a29879
999 _c29879
_d29879